| 000 | 00485nam a22001457a 4500 | ||
|---|---|---|---|
| 008 | 160426b xxu||||| |||| 00| 0 eng d | ||
| 050 | _aDT2996.C724 2016 | ||
| 100 |
_aColtart, David _924095 |
||
| 245 |
_aThe Struggle Continues _b50 years of tyranny in Zimbabwe _cDavid Coltart |
||
| 260 |
_aSouth Africa _bJacana Media _c2016 |
||
| 300 |
_axv, 647p. ; _c24cm. |
||
| 650 |
_aZimbabwe _xPolitics _y1980- _917606 |
||
| 650 |
_aZimbabwe _xPolitics _y1966-1980 _924096 |
||
| 942 |
_2lcc _cMONOGRAPH |
||
| 999 |
_c124703 _d124703 |
||